000 00472nam a2200181Ia 4500
003 GCL
008 140319s9999 xx 000 0 eng d
040 _aGCL /
_cGCL
082 0 4 _a362.1
_bN T
100 1 _aNETTLETON, SARAH
245 1 0 _aTHE SOCIOLOGY OF HEALTH AND ILLNESS /
_cNETTLETON, SARAH
260 _a[S.N] :
_bPOLITY PRESS ،
_c1995
300 _a258 P
650 0 4 _aSOCIAL MEDICINE
650 0 4 _aHEALTH
650 0 4 _aMEDICAL SOCIOLOGISTS
942 _2ddc
_cBK
999 _c10775
_d10775